1304 1996 1246 1476 1375 1249 1662 1354 1444 1773 1479 1167 1565 1485 1833 1743 1643 1892 1772 1498 1431 1165 1835 1410 1290 1147 1461 1181 1665 1662 1955 1635 1141 1488 1895 1059 1734 1419 1745 1846 1013 1805 1306 1501 1654 1470 1566 1206 1632 1620 1680 1854 1906 1982 1103 1686 1820 1591 1477 1098 1254 1739 1674 1528 1640 1833 1829 1734 1960 1384 1542 1178 1560 1489 1861 1167 1155 1936 1852 1134 1613 1811 1654 1175 1259 1676 1629 1164 1623 1226 1239 1599 1300 1223 2000 1644 1325 1053 2000 BCNSPRNW ULIB Ver.6.0+V

เปลี่ยนเป็นภาษาไทย

Change to English
 แสดงรายละเอียดบรรณานุกรม
  กลับหน้าหลัก

Brief Record : Get Marc (ISO 2709) : E-mail record : QR code < ปิดหน้าต่าง
LEADER : 00000nam 2200000uu 4500
001    13399112904
003     ULIB
008    110916s2554||||th 000 0 tha d
024    9786165301374
050  0 TX809^bจ379ข 2554
100 0  จำลองลักษณ์ หุ้นชิ้น, บรรณาธิการ
245 00 ข้าวราดแกง^cจำลองลักษณ์ หุ้นชิ้น, บรรณาธิการ
260    กรุงเทพฯ:^bแม่บ้าน,^c2554
300    154 หน้า
650  4 ข้าวราดแกง
650  4 การปรุงอาหารไทย
945    ^p200^l0^i030538
995    เกษร
999 ^a ใช้งานได้ทุกระบบ
รายการนี้ยังไม่มีแท็ก
คุณยังไม่ได้ล็อกอิน คุณสามารถมีกิจกรรมร่วมกับเว็บไซต์ได้ แต่ต้องล็อกอินก่อน ::
  ล็อกอิน

รายการสื่อสารสนเทศ

ลำดับที่ ประเภท เลขเรียก/บาร์โค้ด สถานที่ สถานะ
- ไม่พบข้อมูล -

รายการใกล้เคียง
    หัวเรื่อง [การปรุงอาหารไทย]

BibComment


ยังไม่เคยถูกคอมเมนท์

คอมเมนท์ทรัพยากรรายการนี้
  คอมเมนท์: ข้าวราดแกง จำลองล..


 Copyright 2026. Bcnsprnw @Library